000 00819nam a2200289Ia 4500
003 OSt
005 20221005060504.0
006 a|||||r|||| 00| 0
007 ta
008 221004b |||||||| |||| 00| 0 eng d
020 _a0 7100 7565 0
024 _a40271
037 _cTextual
040 _aCRL
_cCRL
_beng
041 _2eng
_aeng
082 _aO111,1M22:g, L3
100 _aArnold Matthew
110 _aGift from Prof Amitava Banerjee, London
245 0 _aPoetry Ed. by Carl Dawson
260 _aLondon
_bRoutledge & Kegan Paul UK
_c1973
300 _a466p.
_ccm.
490 _aCritical Heritage Series
650 _aENGLISH LITERATURE
700 _aGift from Prof Amitava Banerjee, London
942 _hO111,1M22:g, L3
_cTEXL
_2cc
999 _c966759
_d966759